000 00511nam a2200157 i 4500
001 99048
003 ES-MaACL
007 t|
008 051111s1901 sp ||||1| spa d
080 _a271.5
100 1 _aBelanger, Auguste.
_927116
245 1 4 _aLos jesuítas y los pobres /
_cpor el R. P. A. Belanger ; traducido del francés por El Apostolado de la Prensa.
260 _a[Madrid] :
_bBiblioteca del Apostolado de la Prensa,
_c1901.
300 _a257 p. ;
_c19 cm.
852 _aES-MaACL
_jG-12800
_bR.136595
999 _c99048
_d99048